<?xml version="1.0" encoding="UTF-8"?>
<record
    xmlns:xsi="http://www.w3.org/2001/XMLSchema-instance"
    xsi:schemaLocation="http://www.loc.gov/MARC21/slim http://www.loc.gov/standards/marcxml/schema/MARC21slim.xsd"
    xmlns="http://www.loc.gov/MARC21/slim">

  <leader>02279nam a22002417a 4500</leader>
  <controlfield tag="005">20211126113210.0</controlfield>
  <controlfield tag="008">211126b           ||||| |||| 00| 0 eng d</controlfield>
  <datafield tag="020" ind1=" " ind2=" ">
    <subfield code="a">0375502319</subfield>
  </datafield>
  <datafield tag="040" ind1=" " ind2=" ">
    <subfield code="c">AL</subfield>
  </datafield>
  <datafield tag="082" ind1=" " ind2=" ">
    <subfield code="2">23</subfield>
    <subfield code="a">358.38</subfield>
    <subfield code="b">ALIB</subfield>
  </datafield>
  <datafield tag="100" ind1=" " ind2=" ">
    <subfield code="a">Ken Alibek: Stephen Handelman</subfield>
    <subfield code="9">10882</subfield>
  </datafield>
  <datafield tag="245" ind1=" " ind2=" ">
    <subfield code="a">Biohazard: The Chiling True Story of the Largest Covert Biological Weapons Program in the World</subfield>
  </datafield>
  <datafield tag="260" ind1=" " ind2=" ">
    <subfield code="a">New York</subfield>
    <subfield code="b">Random House</subfield>
    <subfield code="c">1999</subfield>
  </datafield>
  <datafield tag="300" ind1=" " ind2=" ">
    <subfield code="a">xi,319 p.</subfield>
    <subfield code="b">HB</subfield>
    <subfield code="c">24x16 cm.</subfield>
  </datafield>
  <datafield tag="365" ind1=" " ind2=" ">
    <subfield code="b">24.95</subfield>
    <subfield code="c">$</subfield>
    <subfield code="d">24.95</subfield>
  </datafield>
  <datafield tag="520" ind1=" " ind2=" ">
    <subfield code="a">Anthrax. Smallpox. Incurable and horrifying Ebola-related fevers. For two decades, while a fearful world prepared for nuclear winter, an elite team of Russian bioweaponeers began to till a new killing field: a bleak tract sown with powerful seeds of mass destruction&#x2014;by doctors who had committed themselves to creating a biological Armageddon. Biohazard is the never-before-told story of Russia&#x2019;s darkest, deadliest, and most closely guarded Cold War secret.
No one knows more about Russia&#x2019;s astounding experiments with biowarfare than Ken Alibek. Now the mastermind behind Russia&#x2019;s germ warfare effort reveals two decades of shocking breakthroughs . . . how Moscow&#x2019;s leading scientists actually reengineered hazardous microbes to make them even more virulent . . . the secrets behind the discovery of an invisible, untraceable new class of biological agents just right for use in political assassinations . . . the startling story behind Russia&#x2019;s attempt to turn a sample of the AIDS virus into the ultimate bioweapon. And in a chilling work of real-world intrigue, Biohazard offers us all a rare glimpse into a shadowy scientific underworld where doctors manufacture mass destruction, where witnesses to errors are silenced forever, and where ground zero is closer than we ever dared believe.</subfield>
    <subfield code="u">https://www.yumpu.com/en/document/view/63376510/pdf-download-read-biohazard-the-chilling-true-story-of-the-largest-covert-biological-weapons-program-in-the-world-told-from-the-inside-by-the-man-who-ran-it-ebook-pdf</subfield>
  </datafield>
  <datafield tag="650" ind1=" " ind2=" ">
    <subfield code="a">Air Forces</subfield>
    <subfield code="9">10883</subfield>
  </datafield>
  <datafield tag="650" ind1=" " ind2=" ">
    <subfield code="a">Biological Weapons</subfield>
    <subfield code="9">10884</subfield>
  </datafield>
  <datafield tag="650" ind1=" " ind2=" ">
    <subfield code="a">Communicable Deseases</subfield>
    <subfield code="9">10885</subfield>
  </datafield>
  <datafield tag="650" ind1=" " ind2=" ">
    <subfield code="a">Soviet Union</subfield>
    <subfield code="9">10886</subfield>
  </datafield>
  <datafield tag="700" ind1=" " ind2=" ">
    <subfield code="a">ALIBEK (Ken): HANDELMAN (Stephen)</subfield>
    <subfield code="9">10887</subfield>
  </datafield>
  <datafield tag="942" ind1=" " ind2=" ">
    <subfield code="2">ddc</subfield>
    <subfield code="c">GF</subfield>
  </datafield>
  <datafield tag="999" ind1=" " ind2=" ">
    <subfield code="c">220793</subfield>
    <subfield code="d">220793</subfield>
  </datafield>
  <datafield tag="952" ind1=" " ind2=" ">
    <subfield code="0">0</subfield>
    <subfield code="1">0</subfield>
    <subfield code="2">ddc</subfield>
    <subfield code="4">0</subfield>
    <subfield code="7">0</subfield>
    <subfield code="8">OTH</subfield>
    <subfield code="a">AL</subfield>
    <subfield code="b">AL</subfield>
    <subfield code="d">2013-03-24</subfield>
    <subfield code="l">0</subfield>
    <subfield code="o">358.38 ALIB</subfield>
    <subfield code="p">GF03638</subfield>
    <subfield code="r">2021-11-26 00:00:00</subfield>
    <subfield code="w">2021-11-26</subfield>
    <subfield code="y">GF</subfield>
  </datafield>
</record>
